| 000 | 00896nam a22002177a 4500 | ||
|---|---|---|---|
| 999 |
_c10979 _d10979 |
||
| 003 | AR-CdUCM | ||
| 008 | 190402b ||||| |||| 00| 0 spa d | ||
| 040 |
_aMUNICIPALIDAD PROVINCIAL DEL CUSCO _cBIBLIOTECA MUNICIPAL DEL CUSCO |
||
| 082 |
_a946.02 / _bM26 / 1933 |
||
| 100 |
_aMarañón, Gregorio _93567 |
||
| 245 | _aEnsayo biológico sobre Enrique IV de Castilla y su tiempo / | ||
| 260 |
_aSantiago de Chile : _bNueva Epoca, _c1933. |
||
| 300 |
_a100 páginas ; _c19 cm. |
||
| 440 |
_aHombre e ideas ; _925949 |
||
| 505 | _aContenido: Razón y riesgo de la clínica arqueológica -- Verdad histórica y verdad biológica -- Los padres y la infancia de don Enrique -- Primera boda y divorcio -- La segunda boda -- El diagnostico popular ... | ||
| 650 |
_aBiografía _922 |
||
| 650 |
_aEnrique IV _928078 |
||
| 650 |
_aRey de Castilla y León _928079 |
||
| 942 |
_2ddc _cLIBROS |
||
| 945 | _aacv | ||